000 00505nam a2200181Ia 4500
003 OSt
005 20260128120731.0
008 210210b1934 xxu||||| |||| 00| 0 eng d
040 _cAL
041 _aKannada
082 _a853/522
100 _aSHESHAYYANGAR
_9162051
_dಶೇಷಯ್ಯಂಗಾರ್
245 _aKarnataka balacharitam:
_b ಕರ್ಣಾಟಕ ಬಾಲಚರಿತಂ
260 _aBengaluru
_b-
_c1934
690 _aKannada Drama
_9162052
906 _a019792
942 _2ddc
_cBK
999 _c143938
_d143938